|
|
|
|
| LEADER |
00000nab a2200000u 4500 |
| 001 |
vtls012286816 |
| 003 |
SK-MaSNL |
| 005 |
20260305002107.0 |
| 008 |
251107|20251105xo ||||||| || ||slo| |
| 038 |
|
|
|a KEVKJB
|
| 040 |
|
|
|a KEVKJB
|b slo
|e rda
|
| 041 |
0 |
|
|a slo
|
| 043 |
|
|
|a e-xo---
|
| 044 |
|
|
|a xo
|c SK
|
| 072 |
|
7 |
|a 78.07
|x Hudobníci, skladatelia a iné hudobné povolania
|2 konspekt
|
| 080 |
|
|
|a 78.071.2
|2 2011
|
| 100 |
1 |
|
|a Gécziová, Katarína
|4 aut
|9 1031787
|
| 245 |
1 |
0 |
|a Mladosť prežil v gulagoch, keď mal 18 rokov, odsúdili ho na trest smrti
|b Levko Dohovič získal Cenu Ústavu pamäti národa za rok 2025
|c Katarína Gécziová, redakcia Korzára
|
| 300 |
|
|
|b Fotografia
|
| 336 |
|
|
|a text
|b txt
|2 rdacontent
|
| 337 |
|
|
|a bez média
|b n
|2 rdamedia
|
| 338 |
|
|
|a zväzok
|b nc
|2 rdacarrier
|
| 600 |
1 |
7 |
|a Dohovič, Leonid Levko,
|d 1935-2025
|2 kevkjb
|9 260562
|
| 648 |
|
7 |
|a 2025
|2 kevkjb
|9 373413
|
| 650 |
0 |
7 |
|a osobnosti
|2 SNKPH
|9 29820
|
| 650 |
0 |
7 |
|a politickí väzni
|2 SNKPH
|9 4581
|
| 650 |
0 |
7 |
|a dirigenti
|2 SNKPH
|9 3192
|
| 650 |
0 |
7 |
|a ceny a vyznamenania
|2 SNKPH
|9 73045
|
| 650 |
0 |
7 |
|a Cena Ústavu pamäti národa (ocenenie)
|2 kevkjb
|9 1577722
|
| 651 |
|
7 |
|a Košice (Slovensko)
|2 SNKPHgeo
|9 18694
|
| 773 |
0 |
|
|t Korzár - SME
|g Roč. XXVIII., č. 213 (5.11.2025), s. 8
|x 2585-7355
|
| 852 |
|
|
|a KEVKJB
|b KIS3GCP
|
| 856 |
4 |
1 |
|u https://kosice.korzar.sme.sk/c/22537888/kratko-pred-osemnastymi-narodeninami-ho-odsudili-na-trest-smrti-za-protisovietske-delikty.html
|
| 958 |
|
|
|a UA
|
| 958 |
|
|
|a BX
|
| 999 |
|
|
|c 3223714
|d 3225644
|